| 000 | 00368nam a2200133Ia 4500 | ||
|---|---|---|---|
| 008 | 220204s9999 xx 000 0 und d | ||
| 082 |
_a339.138:631(410) _bPAT |
||
| 100 | _aPATVARDHAN, V S | ||
| 245 | 0 | _aBritish agricultural marketing. | |
| 260 |
_aBombay _bAsia _c1965 |
||
| 490 | _aGokhale institute studies; no 47 | ||
| 650 | _aAgricultural marketing | ||
| 942 | _cBK | ||
| 999 |
_c20678 _d20678 |
||